000 01127njm a22002657a 4500
005 20100908112946.0
007 sd ammalaaahaa
008 100907t xxu||||| |||| 00| 0 eng d
028 _aN. 54643
_bHis Master's Voice
035 _aGR-01382
040 _aSED/VEN
100 _aMohd Rafi
_918700
245 _aDosti /
_cby Mohd Rafi ; music by Laxmikant Pyarelal ; lyrics by Majrooh Sultanpuri
246 _a दोस्ती (मोह्हम्मद रफ़ी)
260 _aDam Dam, India
_bHis Mater's Voice
300 _a1 Sound Disc [Gramophone Record] :
_banalog.33 1/33 rpm
_c10 in (LP)
_fGramophone Record
500 _aBrief Record
505 _aSide 1-, Chahuga me tujhe (चाहुगा में तुझे)-- Side-2 Janey walo jara (जाने वालो जरा) (मोहद रफ़ी)
650 _aClassical Music
_xExcerpts
_zIndia
_918707
700 _918701
_aPyarelal, Laxmikant
700 _aSultanpuri, Majrooh
_918729
700 _918702
942 _2ddc
_cGR
999 _c44424
_d44424